[Event "WMU Fall Open"]
[Site "Kalamazoo, Mich."]
[Date "1985.11.16"]
[Round "1"]
[White "Moody, David"]
[Black "Caron, E. Louis"]
[Result "1-0"]
[WhiteElo "2012"]
[BlackElo "1300"]
[PlyCount "59"]
[EventDate "1985.11.16"]

1. e4 e5 2. Nf3 Nc6 3. d4 d6 4. Bc4 Bg4 5. c3 h6 6. Qb3 Be6 7. d5 Na5 8. Qa4+
Bd7 9. Qxa5 Nf6 10. Bd3 Be7 11. h3 O-O 12. Be3 b6 13. Qb4 a5 14. Qb3 g5 15.
Nbd2 Nh5 16. Qd1 Ng7 17. g4 c5 18. Qe2 Rb8 19. Bb5 f6 20. Bxd7 Qxd7 21. a4 Bd8
22. Qb5 Qb7 23. Nc4 Ne8 24. Ke2 Qg7 25. Rhb1 Bc7 26. b4 Qg6 27. Nfd2 Ng7 28.
bxa5 bxa5 29. Qc6 Rfc8 30. Rxb8 1-0

[Event "WMU Fall Open"]
[Site "Kalamazoo, Mich."]
[Date "1985.11.16"]
[Round "2"]
[White "Finegold, Ben"]
[Black "Moody, David"]
[Result "1-0"]
[WhiteElo "2334"]
[BlackElo "2012"]
[PlyCount "39"]
[EventDate "1985.11.16"]

1. d4 e6 2. e4 d5 3. Nd2 Nf6 4. e5 Nfd7 5. Bd3 c5 6. c3 Nc6 7. Ne2 Be7 8. O-O
Qc7 9. Nf3 f6 10. Nf4 Nf8 11. exf6 Bxf6 12. dxc5 Bd7 13. Be3 O-O-O 14. Nd4 Ne7
15. Qb3 e5 16. c6 Bg4 17. Nb5 Qa5 18. Nxa7+ Kc7 19. Qxb7+ Kd6 20. b4 1-0

[Event "WMU Fall Open"]
[Site "Kalamazoo, Mich."]
[Date "1985.11.17"]
[Round "4"]
[White "Owens, James"]
[Black "Moody, David"]
[Result "0-1"]
[WhiteElo "1843"]
[BlackElo "2012"]
[PlyCount "110"]
[EventDate "1985.11.16"]

1. e4 e5 2. Bc4 Nf6 3. Nc3 Nxe4 4. Qh5 Nd6 5. Bb3 Nc6 6. d3 Be7 7. Nf3 g6 8.
Qh3 Nf5 9. Ne2 d6 10. g4 Nh4 11. Bh6 f5 12. g5 Nxf3+ 13. Qxf3 Bxg5 14. Bg7 Bf6
15. Qd5 Qe7 16. Bxh8 Bxh8 17. Qg8+ Qf8 18. Qxh7 Qg7 19. Qxg7 Bxg7 20. Rg1 Ne7
21. O-O-O Bd7 22. d4 O-O-O 23. Bf7 Rh8 24. Bxg6 Rxh2 25. Bf7 Bh6+ 26. Kb1 Rxf2
27. Rh1 Bg7 28. Rdg1 Bf6 29. Rh6 Rxe2 30. Rxf6 Rh2 31. Be6 Bxe6 32. Rxe6 Kd7
33. Rf6 e4 34. b3 e3 35. Rf7 e2 36. Re1 Rf2 37. Kc1 Ke6 38. Rh7 f4 39. Kd2 f3
40. Ke3 Rf1 41. Rh1 Nf5+ 42. Kd2 Ng3 43. Rhxf1 Nxf1+ 44. Kd3 Kf5 45. c4 Kf4 46.
b4 Kg3 47. Rxe2 fxe2 48. Kxe2 Kf4 49. Kd3 Ne3 50. a4 Kf3 51. a5 a6 52. b5 Nxc4
53. Kxc4 Ke4 54. bxa6 bxa6 55. d5 Ke5 0-1

[Event "WMU Fall Open"]
[Site "Kalamazoo, Mich."]
[Date "1985.11.17"]
[Round "5"]
[White "Fischvogt, Eric"]
[Black "Moody, David"]
[Result "1-0"]
[WhiteElo "2172"]
[BlackElo "2012"]
[PlyCount "53"]
[EventDate "1985.11.16"]

1. e4 e5 2. Nf3 Nc6 3. Bb5 a6 4. Bxc6 dxc6 5. O-O Qd6 6. d4 exd4 7. Qxd4 Qxd4
8. Nxd4 Bd6 9. Nc3 Ne7 10. Be3 Bd7 11. f4 O-O-O 12. Nb3 Rhe8 13. Rae1 Ng8 14.
a3 Nf6 15. Bd4 Be7 16. f5 Bf8 17. e5 Nd5 18. Ne4 h6 19. Nec5 Bxc5 20. Nxc5 Kb8
21. Nxd7+ Rxd7 22. e6 fxe6 23. fxe6 Rdd8 24. Bxg7 h5 25. Rf7 Rd6 26. e7 Rd7 27.
Rf8 1-0

[Event "U.S. Class A Championship"]
[Site "Philadelphia, Pa."]
[Date "1985.12.21"]
[Round "1"]
[White "Moody, David"]
[Black "Coyle, Kevin"]
[Result "0-1"]
[WhiteElo "1918"]
[BlackElo "1851"]
[PlyCount "44"]
[EventDate "1985.12.20"]

1. e4 d5 2. d4 dxe4 3. Nc3 e5 4. Bc4 Qxd4 5. Qe2 Nf6 6. Be3 Qd8 7. Rd1 Bd6 8.
f3 exf3 9. Nxf3 Bg4 10. O-O O-O 11. Qf2 e4 12. Ng5 Bxd1 13. Qh4 Bh5 14. Ncxe4
Nbd7 15. Bd4 Bg6 16. Nxf6+ Nxf6 17. Rxf6 gxf6 18. Nxh7 Bxh2+ 19. Kxh2 Qd6+ 20.
Kh1 Bxh7 21. Bxf6 Qd1+ 22. Kh2 Qxc2 0-1

[Event "U.S. Class A Championship"]
[Site "Philadelphia, Pa."]
[Date "1985.12.21"]
[Round "2"]
[White "Frickmann, Eric"]
[Black "Moody, David"]
[Result "1-0"]
[WhiteElo "1950"]
[BlackElo "1918"]
[PlyCount "107"]
[EventDate "1985.12.20"]

1. e4 e5 2. Nf3 Nc6 3. Bc4 Nf6 4. O-O Bc5 5. Re1 d6 6. h3 Be6 7. Bb3 Qd7 8. Ng5
h6 9. Nxe6 fxe6 10. c3 O-O 11. d3 Qf7 12. Be3 Bxe3 13. Rxe3 Ne7 14. Rg3 Ng6 15.
Bxe6 Qxe6 16. Rxg6 Qf7 17. Rg3 Nh5 18. Rf3 Nf4 19. Na3 Rae8 20. Nc4 Re6 21. Ne3
Qh5 22. Kh2 Ref6 23. Nf5 c6 24. Rg3 Qxd1 25. Rxd1 R8f7 26. Re3 Kh7 27. f3 g6
28. Ng3 h5 29. Ne2 g5 30. d4 Kg8 31. Nxf4 Rxf4 32. dxe5 dxe5 33. Rd8+ Kh7 34.
Re8 g4 35. hxg4 hxg4 36. Kg3 gxf3 37. gxf3 Rg7+ 38. Kf2 Rh4 39. Re2 Rh2+ 40.
Ke3 Rxe2+ 41. Kxe2 Rg2+ 42. Ke3 Rxb2 43. Rxe5 Rxa2 44. Re7+ Kg6 45. Rxb7 Rc2
46. Rb3 Rc1 47. Ra3 Kf6 48. f4 Ke6 49. f5+ Kd6 50. Kd2 Rf1 51. Rxa7 Ke5 52.
Re7+ Kd6 53. Re6+ Kd7 54. Kd3 1-0

[Event "U.S. Class A Championship"]
[Site "Philadelphia, Pa."]
[Date "1985.12.22"]
[Round "4"]
[White "Tong, William"]
[Black "Moody, David"]
[Result "0-1"]
[WhiteElo "1811"]
[BlackElo "1918"]
[PlyCount "58"]
[EventDate "1985.12.20"]

1. e4 e5 2. Nf3 Nc6 3. Bb5 a6 4. Ba4 Nf6 5. O-O Be7 6. Re1 b5 7. Bb3 O-O 8. c3
d5 9. exd5 Nxd5 10. Nxe5 Nxe5 11. Rxe5 c6 12. d4 Bd6 13. Re1 Qh4 14. g3 Qh3 15.
Be3 Bg4 16. Qd3 Rae8 17. Nd2 Re6 18. a4 f5 19. Qf1 Qh5 20. f4 bxa4 21. Rxa4
Rfe8 22. Qf2 g5 23. fxg5 Qxg5 24. Bxd5 cxd5 25. Nf1 Qg6 26. Rxa6 f4 27. gxf4
Be2+ 28. Qg2 Qxg2+ 29. Kxg2 Bxa6 0-1

[Event "U.S. Class A Championship"]
[Site "Philadelphia, Pa."]
[Date "1985.12.22"]
[Round "5"]
[White "Moody, David"]
[Black "Hater, David"]
[Result "1-0"]
[WhiteElo "1918"]
[BlackElo "1868"]
[PlyCount "39"]
[EventDate "1985.12.20"]

1. e4 e5 2. Nf3 Nc6 3. d4 exd4 4. Bc4 Bc5 5. O-O Nf6 6. e5 d5 7. exf6 dxc4 8.
Re1+ Be6 9. Ng5 Qd5 10. Nc3 Qf5 11. Nce4 O-O-O 12. g4 Qd5 13. fxg7 Rhg8 14. Nf6
Qd6 15. Nxg8 Rxg8 16. Ne4 Qe7 17. Bg5 f6 18. Bxf6 Qf7 19. Nxc5 Bd5 20. g5 1-0

[Event "Kalamazoo (WMUSO/2/10)"]
[Site "?"]
[Date "1986.??.??"]
[Round "?"]
[White "Yoder, R.."]
[Black "Sturgis, Derreck"]
[Result "1-0"]
[WhiteElo "2125"]
[BlackElo "1605"]
[PlyCount "71"]
[EventDate "1986.??.??"]

{2/(10)} 1. d4 d5 2. Nf3 Nf6 3. Bf4 e6 4. e3 c5 5. c3 a6 6. Nbd2 b6 7. Bd3 Bb7
8. Qe2 Bd6 9. Ne5 O-O 10. h3 Nc6 11. Bh2 Qc7 12. f4 cxd4 13. exd4 b5 14. a3 Na5
15. O-O Rac8 16. Rae1 Nc4 17. Ndf3 Ne4 18. Nxc4 bxc4 19. Bxe4 dxe4 20. Ng5 f6
21. Nxe6 Qb8 22. Nxf8 Kxf8 23. g4 Bd5 24. f5 Bxh2+ 25. Qxh2 Qxh2+ 26. Kxh2 Rb8
27. Re2 Rb3 28. Kg3 Rb7 29. Kf4 Re7 30. Rfe1 g5+ 31. fxg6 hxg6 32. Rxe4 g5+ 33.
Kf5 Bxe4+ 34. Rxe4 Rxe4 35. Kxe4 Ke7 36. Kd5 1-0

[Event "Warren (MCO/4/44)"]
[Site "?"]
[Date "1986.??.??"]
[Round "?"]
[White "Yee, T.."]
[Black "Kezele, P.."]
[Result "1/2-1/2"]
[WhiteElo "1605"]
[BlackElo "1605"]
[PlyCount "60"]
[EventDate "1986.??.??"]

{4/(44)} 1. d4 Nf6 2. Bg5 e6 3. e3 d5 4. Nc3 c5 5. Nf3 Nc6 6. e4 Be7 7. e5 Ne4
8. Bxe7 Qxe7 9. Be2 Nxc3 10. bxc3 c4 11. O-O O-O 12. Qd2 Rb8 13. a4 f6 14. Rfe1
Bd7 15. a5 b5 16. axb6 axb6 17. Bf1 fxe5 18. Nxe5 Rf5 19. Re3 Rbf8 20. f3 Nxe5
21. Rxe5 Qf6 22. Qe3 Qg6 23. Kh1 Rxe5 24. Qxe5 Qxc2 25. Qe1 h6 26. Ra7 Rf7 27.
h3 b5 28. Rb7 Kh7 29. Kg1 g6 30. Qe3 Qf5 1/2-1/2

[Event "Warren (MCO/2/50)"]
[Site "?"]
[Date "1986.??.??"]
[Round "?"]
[White "Yee, T.."]
[Black "Downing, J.."]
[Result "0-1"]
[WhiteElo "1605"]
[BlackElo "1605"]
[PlyCount "92"]
[EventDate "1986.??.??"]

{2/(50)} 1. e4 e5 2. Nf3 Nc6 3. Bb5 a6 4. Ba4 b5 5. Bb3 Nf6 6. O-O Bc5 7. Re1
O-O 8. c3 Bb7 9. d4 exd4 10. cxd4 Bb6 11. Bg5 Na5 12. e5 Nxb3 13. Qxb3 Bd5 14.
Qd1 h6 15. Bxh6 gxh6 16. exf6 Qxf6 17. Re3 Bxf3 18. Rxf3 Qxd4 19. Nc3 Qxd1+ 20.
Rxd1 d6 21. Nd5 Ba5 22. Rd4 f6 23. Rg4+ Kf7 24. Rxf6+ Ke8 25. Rxh6 Kd7 26. Rg7+
Kc6 27. Rg5 Rae8 28. g3 Bd2 29. f4 Re1+ 30. Kg2 Rfe8 31. Rh7 R8e5 32. Rxc7+
Kxd5 33. Rg6 R5e2+ 34. Kh3 Rh1 35. f5 Rexh2+ 36. Kg4 Re1 37. f6 Rf2 38. f7 Ref1
39. Rg7 Bh6 40. Rh7 Bc1 41. Re7 Bxb2 42. Rh5+ Be5 43. Rh7 a5 44. Ra7 a4 45. Kg5
Ke6 46. Re7+ Kxe7 0-1

[Event "Warren (MCO/6/32)"]
[Site "?"]
[Date "1986.??.??"]
[Round "?"]
[White "Yee, T.."]
[Black "Alayli, G.."]
[Result "0-1"]
[WhiteElo "1605"]
[BlackElo "1660"]
[PlyCount "94"]
[EventDate "1986.??.??"]

{6/(32)} 1. d4 d5 2. c4 e6 3. Nf3 Nf6 4. Nc3 c6 5. Bg5 Nbd7 6. e3 h6 7. Bxf6
Nxf6 8. Bd3 dxc4 9. Bxc4 Qa5 10. O-O Bd6 11. Re1 Bb4 12. Qd3 Nd5 13. Bxd5 cxd5
14. Rec1 O-O 15. a3 Be7 16. b4 Qd8 17. h3 Bd7 18. Re1 Rc8 19. Rac1 a5 20. Rb1
axb4 21. axb4 Qb6 22. b5 Qa5 23. Ne2 Ra8 24. Ne5 Rfd8 25. Rec1 Bd6 26. Nxd7
Rxd7 27. b6 Rdd8 28. Nf4 Bxf4 29. exf4 Rd6 30. Rc7 Rxb6 31. Rxb7 Rxb7 32. Rxb7
Qa1+ 33. Qf1 Qxf1+ 34. Kxf1 Ra4 35. Rb8+ Kh7 36. Ke2 Rxd4 37. Ke3 Re4+ 38. Kf3
Kg6 39. g4 Ra4 40. Rb3 Kf6 41. h4 Ra7 42. Ke3 Rd7 43. Kd4 g6 44. Ke3 Rc7 45.
g5+ hxg5 46. hxg5+ Kf5 47. Rd3 Rc4 0-1

[Event "Monroe (MI Op/4/13)"]
[Site "?"]
[Date "1986.??.??"]
[Round "?"]
[White "Yahkind, Alex"]
[Black "Moody, David"]
[Result "1-0"]
[WhiteElo "2095"]
[BlackElo "2015"]
[PlyCount "51"]
[EventDate "1986.??.??"]

{4/(13)} 1. e4 e5 2. Nf3 Nc6 3. Bb5 a6 4. Bxc6 dxc6 5. O-O Qd6 6. d4 exd4 7.
Nxd4 Bd7 8. f4 O-O-O 9. Nc3 Nh6 10. Nb3 Qf6 11. Qf3 Bb4 12. f5 Rhe8 13. Bf4 c5
14. Nd5 Qc6 15. Bxc7 Bxf5 16. Bxd8 Bxe4 17. Qh3+ Kxd8 18. Rad1 Bxd5 19. c4 Re5
20. a3 Be1 21. cxd5 Qe8 22. Nxc5 Re3 23. Nxb7+ Kc7 24. Rdxe1 Rxe1 25. Qc3+ Kxb7
26. Rxe1 1-0

[Event "Monroe (MI Op/2/9)"]
[Site "?"]
[Date "1986.??.??"]
[Round "?"]
[White "Yahkind, Alex"]
[Black "McKinney, T.."]
[Result "1/2-1/2"]
[WhiteElo "2095"]
[BlackElo "1900"]
[PlyCount "64"]
[EventDate "1986.??.??"]

{2/(9)} 1. e4 e5 2. Nf3 Nc6 3. d4 exd4 4. Nxd4 Bc5 5. Nb3 Bb6 6. Nc3 Nf6 7. a4
a6 8. Be2 d6 9. O-O Be6 10. Bg5 h6 11. Bh4 Qe7 12. a5 Ba7 13. Nd5 Bxd5 14. exd5
Ne5 15. Re1 O-O 16. Nd4 Qd8 17. Kh1 Ng6 18. Bg3 Ne4 19. Bh5 Nxg3+ 20. fxg3 Ne5
21. Rf1 Qg5 22. Ra4 g6 23. Be2 Rae8 24. Rb4 Bxd4 25. Rxd4 Nd7 26. Rdf4 Qe5 27.
Bg4 f5 28. Bh5 Qxb2 29. g4 fxg4 30. Qxg4 Ne5 31. Rxf8+ Rxf8 32. Qe6+ Kg7
1/2-1/2

[Event "Monroe (MI Op/7/7)"]
[Site "?"]
[Date "1986.??.??"]
[Round "?"]
[White "Yahkind, Alex"]
[Black "Kitts, Gary"]
[Result "1/2-1/2"]
[WhiteElo "2095"]
[BlackElo "2145"]
[PlyCount "55"]
[EventDate "1986.??.??"]

{7/(7)} 1. e4 Nf6 2. e5 Nd5 3. d4 d6 4. c4 Nb6 5. exd6 cxd6 6. Nf3 g6 7. Bd3
Bg7 8. O-O O-O 9. Re1 Nc6 10. Be3 Bg4 11. Bf1 Bxf3 12. gxf3 d5 13. c5 Nc4 14.
Nc3 Nxe3 15. fxe3 a6 16. Bg2 e6 17. f4 Ne7 18. Bh3 Nf5 19. Bxf5 gxf5 20. Qh5
Qf6 21. Kh1 Qg6 22. Qxg6 fxg6 23. Rg1 Bf6 24. b4 Rfc8 25. Rac1 Kf7 26. a4 Be7
27. Rg2 h6 28. Rcg1 1/2-1/2

[Event "Monroe (MI Op/6/6)"]
[Site "?"]
[Date "1986.??.??"]
[Round "?"]
[White "Yahkind, Alex"]
[Black "Finegold, Ron"]
[Result "1/2-1/2"]
[WhiteElo "2095"]
[BlackElo "2125"]
[PlyCount "110"]
[EventDate "1986.??.??"]

{6/(6)} 1. e4 d5 2. exd5 Qxd5 3. Nc3 Qa5 4. Bc4 Nf6 5. d4 c6 6. Nge2 Bf5 7. O-O
e6 8. Ng3 Bd6 9. Nxf5 Qxf5 10. Bd3 Qa5 11. f4 g6 12. Qe1 Be7 13. Kh1 Nbd7 14.
a3 O-O 15. f5 gxf5 16. Bh6 Bd6 17. Qh4 Kh8 18. Rf3 Rg8 19. Raf1 Rg4 20. Qf2
Rag8 21. g3 Qc7 22. Ne2 R4g6 23. Bf4 Ng4 24. Qe1 Bxf4 25. Nxf4 Rh6 26. h4 Ndf6
27. c4 Nh5 28. d5 Qe5 29. Nxh5 Rxh5 30. Qxe5+ Nxe5 31. Re3 Nxd3 32. Rxd3 exd5
33. cxd5 cxd5 34. Kh2 Rd8 35. Rf4 Kg7 36. Kg2 Rh6 37. Rxf5 Rhd6 38. b4 h6 39.
Rd4 R8d7 40. Kf3 Ra6 41. Rfxd5 Rxa3+ 42. Kf4 Rxd5 43. Rxd5 Ra4 44. Rb5 b6 45.
Kf5 Ra3 46. g4 Rb3 47. h5 f6 48. Rd5 Rf3+ 49. Ke4 Rb3 50. Rd7+ Kh8 51. Rxa7
Rxb4+ 52. Kf5 Rb5+ 53. Kxf6 Rg5 54. Rb7 b5 55. Rb8+ Kh7 1/2-1/2

[Event "Kalamazoo (WMUSO/5/10)"]
[Site "?"]
[Date "1986.??.??"]
[Round "?"]
[White "Wykstra, S.."]
[Black "Haakonstad, Olaf"]
[Result "1-0"]
[WhiteElo "1650"]
[BlackElo "1885"]
[PlyCount "88"]
[EventDate "1986.??.??"]

{5/(10)} 1. d4 Nf6 2. c4 e6 3. g3 d5 4. Bg2 c6 5. Qc2 Be7 6. Nf3 O-O 7. O-O b6
8. Nc3 Ba6 9. Ne5 Qc7 10. Bf4 Nh5 11. Ng6 Nxf4 12. Nxf8 Nxe2+ 13. Nxe2 Bxf8 14.
cxd5 Bxe2 15. Qxe2 cxd5 16. Rac1 Qd8 17. Rc2 Nd7 18. Rfc1 Nf6 19. Qa6 Nd7 20.
Rc8 Rxc8 21. Rxc8 Qg5 22. Qxa7 Nf6 23. Qe7 Qc1+ 24. Rxc1 Bxe7 25. Rc8+ Bf8 26.
Rb8 g6 27. Rxb6 Kg7 28. a4 Kh6 29. a5 Bg7 30. a6 Ng4 31. a7 Bxd4 32. a8=Q Bxf2+
33. Kf1 Bxb6 34. Qf8+ Kg5 35. Qxf7 Ne3+ 36. Ke2 Nxg2 37. Qxe6 Ne3 38. Qxb6 Nf5
39. Qd8+ Kg4 40. Qxd5 h5 41. Qf3+ Kh3 42. g4+ Kxh2 43. gxf5 h4 44. Kf1 h3 1-0

[Event "Kalamazoo (WMUSO/2/15)"]
[Site "?"]
[Date "1986.??.??"]
[Round "?"]
[White "Wykstra, S.."]
[Black "Denning, D.."]
[Result "1-0"]
[WhiteElo "1650"]
[BlackElo "1605"]
[PlyCount "77"]
[EventDate "1986.??.??"]

{2/(15)} 1. d4 c6 2. c4 d5 3. Nc3 Nf6 4. Nf3 Nbd7 5. Bg5 h6 6. Bh4 dxc4 7. e4
b5 8. Qc2 Qc7 9. a4 a6 10. axb5 cxb5 11. Nxb5 Qb7 12. Nc3 Qc6 13. Bxf6 Nxf6 14.
Ne5 Qc7 15. Bxc4 e6 16. Qa4+ Nd7 17. O-O Bd6 18. Nf3 O-O 19. b3 Nb6 20. Qa5
Nxc4 21. Qxc7 Bxc7 22. bxc4 Bb7 23. c5 a5 24. Nb5 Bb8 25. Nd2 Bc6 26. Rfb1 Rd8
27. Ra4 Bf4 28. Ra2 Rdb8 29. Nc3 Rxb1+ 30. Ndxb1 a4 31. d5 exd5 32. exd5 Re8
33. g3 Bd7 34. gxf4 Bh3 35. Re2 Rxe2 36. Nxe2 Bf5 37. Na3 Kf8 38. Nc3 Bd7 39.
c6 1-0

[Event "Kalamazoo (WMUSO/3/10)"]
[Site "?"]
[Date "1986.??.??"]
[Round "?"]
[White "Wykstra, S.."]
[Black "Bryant, Daniel"]
[Result "0-1"]
[WhiteElo "1650"]
[BlackElo "1900"]
[PlyCount "106"]
[EventDate "1986.??.??"]

{3/(10)} 1. d4 d5 2. c4 dxc4 3. Nf3 Nf6 4. Qa4+ Nc6 5. Qxc4 a6 6. Bg5 Be6 7.
Qd3 h6 8. Bh4 g5 9. Bg3 Bg7 10. e3 O-O 11. h4 g4 12. Ne5 Nxe5 13. Bxe5 Nd5 14.
Bxg7 Kxg7 15. Nd2 Qd6 16. a3 Nf6 17. h5 Rfd8 18. b4 a5 19. b5 c5 20. bxc6 bxc6
21. Nc4 Bxc4 22. Qxc4 Rac8 23. Be2 c5 24. O-O cxd4 25. Qxd4 Qxd4 26. exd4 Rxd4
27. Rfd1 Rcd8 28. Rxd4 Rxd4 29. Rd1 Re4 30. Kf1 Nxh5 31. Rd5 Nf4 32. f3 gxf3
33. Bxf3 Nxd5 34. Bxe4 e6 35. Kf2 f5 36. Bd3 Kf6 37. Kf3 e5 38. Bc4 e4+ 39. Kf2
Ke5 40. Ba6 Kd4 41. Bb7 f4 42. Ke1 Nc3 43. Bc6 h5 44. a4 h4 45. Kd2 e3+ 46. Ke1
Kc5 47. Bb7 Nxa4 48. Ke2 Kd4 49. Bc6 Nc3+ 50. Ke1 a4 51. Be8 a3 52. Bf7 a2 53.
Bxa2 Nxa2 0-1

[Event "Dearborn (MEX/1)"]
[Site "Dearborn"]
[Date "1986.??.??"]
[Round "?"]
[White "Wygrecki, J.."]
[Black "Thomas, Carlton"]
[Result "1-0"]
[WhiteElo "2285"]
[BlackElo "2055"]
[PlyCount "111"]
[EventDate "1986.??.??"]

1. d4 Nf6 2. Nf3 g6 3. c4 Bg7 4. g3 O-O 5. Bg2 d6 6. O-O a6 7. Nc3 Nc6 8. e4 e5
9. d5 Na7 10. a4 Bd7 11. a5 Rb8 12. Be3 Nc8 13. Qe2 Re8 14. Rfb1 Nh5 15. Nd2
Ne7 16. f3 Qc8 17. b4 f5 18. Bf2 f4 19. g4 Nf6 20. c5 h5 21. g5 Nh7 22. h4 Bh3
23. Bh1 Qd7 24. Nc4 Nc8 25. Kh2 Bf8 26. Na4 Be7 27. cxd6 Bxd6 28. Nc5 Bxc5 29.
bxc5 Ne7 30. Nxe5 Qc8 31. Qc4 Nf8 32. Nd3 Bd7 33. Nxf4 Kh7 34. Bg2 c6 35. Bg3
cxd5 36. Nxd5 Nxd5 37. exd5 Ra8 38. Re1 Bb5 39. Qf4 Qd7 40. Qf6 Qg7 41. Qxg7+
Kxg7 42. Be5+ Kf7 43. f4 Rac8 44. Bd6 Nd7 45. Bh3 Rxe1 46. Rxe1 Re8 47. Rxe8
Kxe8 48. Bg2 Nf8 49. Be4 Bc4 50. Kg3 Kf7 51. Kf3 Nd7 52. Ke3 Bb5 53. c6 bxc6
54. dxc6 Nf8 55. c7 Bd7 56. Bxf8 1-0

[Event "Warren (MCO/1/3)"]
[Site "?"]
[Date "1986.??.??"]
[Round "?"]
[White "Wygrecki, J.."]
[Black "Schell, Ken"]
[Result "1-0"]
[WhiteElo "2280"]
[BlackElo "1680"]
[PlyCount "51"]
[EventDate "1986.??.??"]

{1/(3)} 1. e4 d5 2. exd5 Nf6 3. d4 Nxd5 4. c4 Nb6 5. Nc3 e5 6. dxe5 Qxd1+ 7.
Nxd1 Nc6 8. Bf4 Be6 9. Ne3 Bb4+ 10. Kd1 O-O-O+ 11. Kc1 Bd2+ 12. Kc2 Nb4+ 13.
Kb3 Nd3 14. Bxd3 Rxd3+ 15. Kc2 Bxe3 16. Bxe3 Bf5 17. Kc1 Nxc4 18. Bf4 Rd4 19.
g3 Re4 20. Nf3 Rd8 21. Re1 Rxe1+ 22. Nxe1 Nxe5 23. Bxe5 Re8 24. Bc3 Re2 25. f3
Rxh2 26. Bxg7 1-0

[Event "Warren (MCO/5/18)"]
[Site "?"]
[Date "1986.??.??"]
[Round "?"]
[White "Wygrecki, J.."]
[Black "Lynch, W.."]
[Result "1-0"]
[WhiteElo "2280"]
[BlackElo "1785"]
[PlyCount "57"]
[EventDate "1986.??.??"]

{5/(18)} 1. Nf3 c5 2. b3 Nc6 3. Bb2 d5 4. e3 e6 5. Bb5 Nge7 6. O-O a6 7. Be2
Qc7 8. c4 dxc4 9. bxc4 e5 10. Nc3 f6 11. d4 exd4 12. exd4 cxd4 13. Nxd4 Nxd4
14. Qxd4 Bd7 15. Bh5+ Ng6 16. Rfe1+ Kd8 17. Nd5 Qc6 18. Rad1 Bc5 19. Qd3 Qd6
20. Qb3 b6 21. Nxf6 Qf4 22. Rxd7+ Kc8 23. Qf3 Qxf3 24. Bxf3 gxf6 25. Bg4 Kb8
26. Bxf6 Rf8 27. Bd4 Bxd4 28. Rxd4 Ra7 29. g3 1-0

[Event "Dearborn (MEX/3)"]
[Site "?"]
[Date "1986.??.??"]
[Round "?"]
[White "Wygrecki, J.."]
[Black "Lindsay, F.."]
[Result "1-0"]
[WhiteElo "2285"]
[BlackElo "2360"]
[PlyCount "65"]
[EventDate "1986.??.??"]

1. e4 e6 2. d4 d5 3. Nd2 Nf6 4. e5 Nfd7 5. c3 c5 6. Ndf3 Qb6 7. Bd3 Nc6 8. Ne2
cxd4 9. cxd4 f6 10. exf6 Nxf6 11. O-O Bd6 12. Bg5 O-O 13. Qb1 Qc7 14. Nc3 Qf7
15. Qc1 Qh5 16. Bf4 Ne4 17. Bxd6 Nxd6 18. Qe3 Nf5 19. Bxf5 Rxf5 20. Rfe1 Bd7
21. Ne2 Qf7 22. Ng5 Qf6 23. f4 Rf8 24. Nf3 Be8 25. Kf2 g5 26. g4 Rxf4 27. Nxf4
Qxf4 28. Qxf4 Rxf4 29. Kg3 h5 30. h3 h4+ 31. Nxh4 Rxd4 32. Nf3 Rd3 33. Rad1 1-0

[Event "Warren (MCO/3/3)"]
[Site "?"]
[Date "1986.??.??"]
[Round "?"]
[White "Wygrecki, J.."]
[Black "Harris, T.."]
[Result "1/2-1/2"]
[WhiteElo "2280"]
[BlackElo "2050"]
[PlyCount "96"]
[EventDate "1986.??.??"]

{3/(3)} 1. e4 c5 2. f4 g6 3. Nf3 Bg7 4. g3 d6 5. Bg2 e5 6. d3 Ne7 7. Nc3 Nbc6
8. O-O O-O 9. Nd5 exf4 10. Nxf4 Ne5 11. Nxe5 dxe5 12. Nd5 Nxd5 13. exd5 f5 14.
Be3 b6 15. Rb1 g5 16. Bd2 f4 17. g4 Bd7 18. c4 Qc8 19. Bf3 h5 20. h3 Kf7 21.
Kg2 Rh8 22. Be1 Rh6 23. Bf2 hxg4 24. hxg4 Qa6 25. Qb3 Rah8 26. Rh1 Qc8 27. Rxh6
Rxh6 28. Qd1 Qh8 29. Kf1 Rh2 30. Bg2 Qc8 31. Bf3 Qh8 32. Bg2 Qc8 33. Kg1 Bxg4
34. Qa4 Rh6 35. Qxa7+ Kg8 36. b4 f3 37. Bh1 Qf5 38. Qa8+ Kh7 39. d6 Qxd3 40.
Re1 Rxd6 41. bxc5 bxc5 42. Bxc5 Rh6 43. Bf2 Qxc4 44. a4 Qf4 45. Qe4+ Qxe4 46.
Rxe4 Bf5 47. Bxf3 g4 48. Bg2 Bxe4 1/2-1/2

[Event "Monroe (MI Op/6/3)"]
[Site "?"]
[Date "1986.??.??"]
[Round "?"]
[White "Wygrecki, J.."]
[Black "Hahn, David"]
[Result "0-1"]
[WhiteElo "2245"]
[BlackElo "2140"]
[PlyCount "78"]
[EventDate "1986.??.??"]

{6/(3)} 1. e4 g6 2. d4 Bg7 3. c3 d6 4. Bc4 Nf6 5. Qe2 e5 6. dxe5 dxe5 7. Bg5 h6
8. Bh4 Nbd7 9. f3 Qe7 10. Nd2 c6 11. b4 O-O 12. Rd1 b5 13. Bb3 a5 14. a3 axb4
15. axb4 c5 16. Bd5 Ra3 17. Nb1 Ra1 18. Qb2 Ra7 19. Na3 cxb4 20. cxb4 Ra4 21.
Nc2 Nb6 22. Bb3 Be6 23. Bxa4 Nxa4 24. Qc1 Rc8 25. Qd2 Bb3 26. Rc1 Qc7 27. Nh3
Qc4 28. Nf2 Nb2 29. Rb1 Qxc2 30. Rxb2 Qc4 31. Nd3 Nxe4 32. fxe4 Qxe4+ 33. Kf2
Qxh4+ 34. g3 Qd4+ 35. Qe3 e4 36. Re1 exd3 37. Rxb3 Rc2+ 38. Kf1 Qd5 39. Rxd3
Qg2# 0-1

[Event "Monroe (MI Op/3/13)"]
[Site "?"]
[Date "1986.??.??"]
[Round "?"]
[White "Wygrecki, J.."]
[Black "Chandler, P.."]
[Result "1-0"]
[WhiteElo "2240"]
[BlackElo "1805"]
[PlyCount "31"]
[EventDate "1986.??.??"]

{3/(13)} 1. e4 e6 2. Qe2 Nc6 3. Nf3 Bc5 4. c3 d5 5. exd5 Qxd5 6. d4 Bb6 7. Bf4
Nf6 8. Nbd2 O-O 9. Nc4 Re8 10. O-O-O Qf5 11. Be3 e5 12. Nfxe5 Nxe5 13. Nxe5 c5
14. dxc5 Bxc5 15. Bxc5 Rxe5 16. Rd8+ 1-0

[Event "Monroe (MI Op/4/6)"]
[Site "?"]
[Date "1986.??.??"]
[Round "?"]
[White "Wygrecki, J.."]
[Black "Bailey, Greg"]
[Result "1-0"]
[WhiteElo "2245"]
[BlackElo "2065"]
[PlyCount "65"]
[EventDate "1986.??.??"]

{4/(6)} 1. Nf3 Nf6 2. b3 g6 3. Bb2 Bg7 4. c4 c5 5. g3 b6 6. Bg2 Bb7 7. O-O O-O
8. d3 d6 9. e4 e5 10. Nfd2 Qd7 11. Nc3 Nc6 12. a3 Nd4 13. Ne2 Ne6 14. Bh3 g5
15. Bf5 Qe7 16. f4 Nd7 17. fxg5 Nxg5 18. Nc3 Nf6 19. Nd5 Nxd5 20. exd5 f6 21.
h4 Nf7 22. Ne4 Nh6 23. g4 Nxf5 24. gxf5 Bh6 25. Bc1 Bxc1 26. Qxc1 Kf7 27. Qh6
Rg8+ 28. Kh2 Rg7 29. Qh5+ Kf8 30. Rg1 Rf7 31. Rg6 Ke8 32. Rxf6 Rd8 33. Re6 1-0

[Event "Warren (MCO/2/48)"]
[Site "?"]
[Date "1986.??.??"]
[Round "?"]
[White "Wlodarczyk, P.."]
[Black "Smith, Mike A"]
[Result "1-0"]
[WhiteElo "1620"]
[BlackElo "1605"]
[PlyCount "101"]
[EventDate "1986.??.??"]

{2/(48)} 1. e4 c6 2. d4 d5 3. exd5 cxd5 4. Nf3 Bg4 5. Be2 Nf6 6. h3 Bh5 7. Nc3
Nc6 8. g4 Bg6 9. Nh4 e6 10. Nxg6 hxg6 11. a3 Bd6 12. Bf3 O-O 13. Be3 Nd7 14.
Qd2 f5 15. Nb5 Bc7 16. O-O-O f4 17. Bg2 a6 18. Nc3 fxe3 19. fxe3 Qf6 20. Rdf1
Qe7 21. Qd3 Rxf1+ 22. Bxf1 Qf6 23. Be2 Rf8 24. h4 Ne7 25. h5 gxh5 26. Rxh5 Qg6
27. Qd1 Nf6 28. Rh1 e5 29. dxe5 Bxe5 30. Na4 Qg5 31. Qg1 Bd4 32. Rh3 b5 33. Kd1
Ba7 34. Nc3 Re8 35. Ke1 Ng6 36. Nd1 Ne5 37. Qh1 Nc4 38. Bxc4 dxc4 39. Rh8+ Kf7
40. Rxe8 Kxe8 41. Qa8+ Kf7 42. Qxa7+ Kg6 43. Nf2 Kh7 44. Qd4 Qh4 45. Qf4 Qh6
46. Qf5+ Kg8 47. g5 Qh7 48. Qc8+ Kf7 49. Qb7+ Kg8 50. gxf6 gxf6 51. Qxh7+ 1-0

[Event "Warren (MCO/6/28)"]
[Site "?"]
[Date "1986.??.??"]
[Round "?"]
[White "Wlodarczyk, P.."]
[Black "Profit, Brian"]
[Result "1-0"]
[WhiteElo "1620"]
[BlackElo "1875"]
[PlyCount "75"]
[EventDate "1986.??.??"]

{6/(28)} 1. e4 e6 2. Nf3 d5 3. Nc3 d4 4. Ne2 c5 5. c3 Nc6 6. cxd4 cxd4 7. Qa4
Bc5 8. b4 Bb6 9. b5 Nce7 10. Bb2 Nf6 11. e5 Nfd5 12. Nexd4 O-O 13. Qd1 Bd7 14.
a4 Ng6 15. g3 Qe7 16. Nb3 Bc7 17. Rc1 a6 18. Nc5 axb5 19. Nxd7 Qxd7 20. Bxb5
Qe7 21. Qb3 Rfb8 22. Ba3 Qd8 23. Bb2 Ba5 24. O-O Nc7 25. Bd3 Qd7 26. Ba3 b5 27.
axb5 Nxb5 28. Bxb5 Rxb5 29. Qe3 Rd5 30. Bd6 Ne7 31. Qa3 Nf5 32. Rc2 Nxd6 33.
exd6 Rxd6 34. Ne5 Qd8 35. Nc6 Rd3 36. Qa2 Qd5 37. Ne7+ Kf8 38. Nxd5 1-0